000 00633nam a2200241Ia 4500
003 OSt
005 20221006143748.0
006 a|||||r|||| 00| 0
007 ta
008 221006b |||||||| |||| 00| 0 eng d
020 _c5.00
024 _a9,901
037 _cTextual
040 _aEASL
_cEASL
_beng
041 _2eng
_aeng
082 _aX81:9.41.N5, J3
245 0 _aLabour insurance regulations of the peopla's republic of China
260 _aPeking
_bForeign Languages Press
_c1953
300 _a34p.
_ccm.
490 _v CEL
942 _hX81:9.41.N5, J3
_cTEXL
_2CC
999 _c1077987
_d1077987